Shoshoni spirits / Jon Sharpe.
Record details
- ISBN: 0451165489 (pbk.)
- ISBN: 9780451165480 (pbk.)
- Physical Description: 176 pages ; 18 cm.
- Publisher: New York, U.S.A. : Penguin Books, c1990.
Content descriptions
| General Note: | A Signet Book. |
Search for related items by subject
| Genre: | Western stories. |
Search for related items by series
| LDR | 00705cam a2200229Ia 4500 | ||
|---|---|---|---|
| 001 | 123275 | ||
| 003 | CONS | ||
| 005 | 20140703073300.0 | ||
| 008 | 900618s1990 nyu 000 0 eng d | ||
| 020 | . | ‡a0451165489 (pbk.) | |
| 020 | . | ‡a9780451165480 (pbk.) | |
| 035 | . | ‡a(CPomAG)LMN482487 | |
| 100 | 1 | . | ‡aSharpe, Jon. |
| 245 | 1 | 0. | ‡aShoshoni spirits / ‡cJon Sharpe. |
| 260 | . | ‡aNew York, U.S.A. : ‡bPenguin Books, ‡cc1990. | |
| 300 | . | ‡a176 pages ; ‡c18 cm. | |
| 440 | 4. | ‡aThe Trailsman ; ‡v101 | |
| 500 | . | ‡aA Signet Book. | |
| 655 | 7. | ‡aWestern stories. ‡2gsafd | |
| 914 | . | ‡dLMN_cm | |
| 959 | . | ‡i32269000178023 ‡lF Sha ‡aAdult - Fiction ‡tFiction ‡g3.50 | |
| 852 | . | ‡p32269000178023 ‡jF Sha ‡gAdult - Fiction ‡cFiction ‡y3.50 ‡bSBPL | |
| 901 | . | ‡a123275 ‡bUnknown ‡c123275 ‡tbiblio | |